Normal view
MARC view
Entry Topical Term
001 - CONTROL NUMBER
- control field: 33447
003 - CONTROL NUMBER IDENTIFIER
- control field: OSt
005 - DATE AND TIME OF LATEST TRANSACTION
- control field: 20220928105636.0
008 - FIXED-LENGTH DATA ELEMENTS
- fixed length control field: 220928|| aca||aabn | a|a d
040 ## - CATALOGING SOURCE
- Original cataloging agency: OSt
- Transcribing agency: OSt
150 ## - HEADING--TOPICAL TERM
- Topical term or geographic name entry element: Public service, Guaranceed public service, Serice quality, Citizen’s charter, Sevottam.
670 ## - SOURCE DATA FOUND
- Source citation: Work cat.: (OSt): Pareek, Urvashi and Sole, Nagendra Ambedkar 33446, Quality of public services in the era of guaranteed public service delivery
